00904nam a2200241Ia 4500001000600000003000900006008004100015040001300056040001300069041001300082100001500095100002900110245004600139245006100185250001100246260001100257260001500268260004900283300005900332500021800391650002200609650003100631H5770IT-RoPAU130308s9999 xx 000 0 und d aIT-RoPAU cIT-RoPAU aITALIANO aOgna Laura gCodice Aut. SPICS: 58243 aTg under 16 (Un): il gt ragazzi (Rai Tre) bSpeciale Tg. forme e Tecniche del Giornalismo Televisivo a4a ed. aNOVARA bInterlinea c2005 [1° Ed.:1997 - Ed.Ling.Originale:1997] a"12 p. (prefazione: no ; testo: 12 [pagine: 161-172])" aFigli della Comunicazione. C'Era una Volta. immagine Prevale Sulla Parola.Mezzobusto a Figura Intera, Analisi dei Conduttori e delle Scenografie. Abitanti del Presente: la Guerra in Tv. rappresentazione del Mondo. aGENERI TELEVISIVI eCodice materia Spics: 6960